| 000 | 00535nam a2200157 a 4500 | ||
|---|---|---|---|
| 001 | 768 | ||
| 003 | CDMR | ||
| 005 | 20131003124713.0 | ||
| 008 | 130130s2007||||||||||||||||||||||||||||d | ||
| 040 |
_aCDMR _bcat _cCDMR |
||
| 110 | 2 |
_aBritish Broadcasting Corporation _9598 |
|
| 245 | 1 | 0 |
_aDirectrices editoriales _b: valores y criterios de la BBC _c[traducción y edición: Asociación de la Prensa de Madrid] |
| 260 |
_aMadrid _c2007 _bAsociación de la Prensa de Madrid |
||
| 710 | 2 |
_987 _aAsociación de la Prensa de Madrid |
|
| 942 |
_cMON _2udc |
||
| 999 |
_c768 _d768 |
||